000 00761nam a22002417a 4500
005 20251108173651.0
008 250721s2008 xx 000 0 ara d
082 1 4 _a658.4/عيا
100 1 _aعياصرة، معن محمود
245 1 0 _aالقيادة و الرقابة و الإتصال الإداري /
264 1 _aعمان :
_bدار الحامد للنشر،
_c2008.
300 _a188 ص.
650 1 7 _aالإدارة
650 1 7 _aالتخطيط
650 1 7 _aالعمليات الإدارية
650 1 7 _aاتخاذ القرارات
650 1 7 _aالإتصال
650 1 7 _aالقيادة
650 1 7 _aالرقابة الإدارية
700 1 _aبني احمد، مروان محمد
942 _2ddc
_cBK
999 _c109494
_d109494